00955nam a22002297a 4500003000900000005001700009008003700026020001500063040002300078082002900101100004100130245015800171260006500329300002100394500006900415650004000484650004300524700002900567700003500596700003300631710006100664DO-SdBNP20210920102830.0210216b2003 dr ||| 00| 0 spa d a9993433578 aBPMSUbspa.cBPMSU aRD861.44bM843t 20032221 aMoreno Jimenes, Domingod1894 - 198614aLos triálogos :b poesía a tres voces /cDomingo Moreno Jimenes , Alberto Baeza Flores, Mariano Lebrón Saviñón ; editor Tomás Castro Burdiez aSanto Domingo :bEDUCARTE;bLibrería la Trinitaria,c2003. a83 p. ; c21 cm. aIncluye datos biográficos de los autores en la contracubierta  4aPoesía dominicana contemporánea 4aLiteratura dominicana contemporánea 1 aBaeza Flores, Alberto 1 a Lebrón Saviñón, Mariano1 aCastro Burdiez,Tomás eed.2 aFundación para la Educación (República Dominicana)